[Event "Vicente Lopez ProAm 100 Years op"]
[Site "Buenos Aires"]
[Date "2022.10.12"]
[Round "2"]
[White "Salinas Herrera, Pablo Patricio"]
[Black "Uelf, Maximiliano"]
[Result "1-0"]
[WhiteElo "2516"]
[BlackElo "2236"]
[PlyCount "72"]
[EventDate "2022.10.11"]
[EventType "swiss"]
[EventRounds "9"]
[EventCountry "ARG"]
[SourceTitle "CBM 210 Extra"]
[Source "ChessBase"]
[SourceDate "2022.11.30"]
[SourceVersion "1"]
[SourceVersionDate "2022.11.30"]
[SourceQuality "1"]

1. d4 Nf6 2. c4 e6 3. Nc3 d5 4. Bf4 c6 5. e3 Nbd7 6. Bd3 dxc4 7. Bxc4 Nd5 8. Bg3 Nxc3 9. bxc3 b5 10. Bd3 Bb7 11. Nf3 a6 12. 0-0 c5 13. e4 Be7 14. a4 b4 15. Qb3 a5 16. d5 exd5 17. exd5 0-0 18. Rad1 Nb6 19. d6 Bf6 20. cxb4 axb4 21. Qc2 Nxa4 22. Bxh7+ Kh8 23. Qf5 Bxf3 24. gxf3 g6 25. Bxg6 fxg6 26. Qxg6 Nc3 27. Rde1 Ra7 28. Re3 Qc8 29. Rfe1 Rg7 30. Qc2 c4 31. Re6 Nb5 32. Qe4 Bc3 33. Rh6+ Kg8 34. Qd5+ Rff7 35. Qh5 Rxg3+ 36. hxg3 Qf5 1-0

[Event "Latin Cup-A 6th"]
[Site "Buenos Aires"]
[Date "2015.03.23"]
[Round "7"]
[White "Uelf, Maximiliano"]
[Black "Pierrot, Juan Facundo"]
[Result "1-0"]
[WhiteElo "2207"]
[BlackElo "2380"]
[PlyCount "94"]
[EventDate "2015.03.19"]
[EventType "swiss"]
[EventRounds "9"]
[EventCountry "ARG"]
[SourceTitle "CBM 165 Extra"]
[Source "ChessBase"]
[SourceDate "2015.04.21"]
[SourceVersion "1"]
[SourceVersionDate "2015.04.21"]
[SourceQuality "1"]

1. Nf3 c5 2. c3 Nf6 3. g3 g6 4. Bg2 Bg7 5. 0-0 0-0 6. d4 cxd4 7. Nxd4 d6 8. e4 a6 9. Nd2 Qc7 10. a4 Nc6 11. Nxc6 bxc6 12. Qe2 a5 13. Rd1 Ba6 14. Qf3 Nd7 15. Bf1 Bb7 16. Qe2 Nc5 17. Ra3 d5 18. Qe3 Nxe4 19. Nxe4 dxe4 20. Bg2 f5 21. f3 Rad8 22. Re1 exf3 23. Qe6+ Rf7 24. Bxf3 Rd6 25. Qc4 e5 26. Rb3 Bc8 27. Qc5 Bf8 28. Qb6 Qxb6+ 29. Rxb6 e4 30. Rb8 Rd8 31. Be2 Bc5+ 32. Kg2 Rb7 33. Bc4+ Kg7 34. Bf4 Rxb8 35. Bxb8 Be6 36. Bxe6 Rxb8 37. b3 Kf6 38. Bc4 Rd8 39. Kf1 Rd2 40. Re2 Rxe2 41. Kxe2 g5 42. Ba6 Ke5 43. Bb7 Kd5 44. c4+ Ke5 45. Bxc6 f4 46. gxf4+ gxf4 47. Kf1 f3 1-0

[Event "Villa Martelli op-B 21st"]
[Site "Villa Martelli"]
[Date "2014.11.11"]
[Round "5"]
[White "Uelf, Maximiliano"]
[Black "Garcia Lemos, Federico"]
[Result "1/2-1/2"]
[WhiteElo "2173"]
[BlackElo "2099"]
[PlyCount "93"]
[EventDate "2014.11.07"]
[EventType "swiss"]
[EventRounds "9"]
[EventCountry "ARG"]
[SourceTitle "CBM 163 Extra"]
[Source "ChessBase"]
[SourceDate "2014.12.23"]
[SourceVersion "1"]
[SourceVersionDate "2014.12.23"]
[SourceQuality "1"]

1. Nf3 Nf6 2. g3 g6 3. Bg2 Bg7 4. 0-0 0-0 5. d4 d6 6. Nbd2 Nbd7 7. e4 e5 8. Re1 Re8 9. c3 b6 10. Qc2 Bb7 11. dxe5 Nxe5 12. Nxe5 Rxe5 13. Nc4 Bxe4 14. Bxe4 Rxe4 15. Rxe4 Nxe4 16. Qxe4 d5 17. Qf3 dxc4 18. Bg5 Qe8 19. Qb7 h6 20. Bf4 c6 21. Rd1 Rd8 22. Rxd8 Qxd8 23. Qxc6 Qd1+ 24. Kg2 Qe2 25. b3 g5 26. Be3 cxb3 27. axb3 Qc2 28. Qe8+ Bf8 29. Bd4 Qf5 30. h3 h5 31. Qb8 Qe4+ 32. Kh2 Qe7 33. Qa8 Kh7 34. Qf3 Kg6 35. g4 hxg4 36. hxg4 Qe6 37. Qd3+ f5 38. b4 Qd6+ 39. Kg2 Qf4 40. gxf5+ Qxf5 41. Qe2 Bd6 42. f3 Kf7 43. Qc4+ Qe6 44. Qa6 Kg6 45. Qxa7 Qe2+ 46. Bf2 g4 47. fxg4 1/2-1/2

[Event "Villa Martelli op-B 21st"]
[Site "Villa Martelli"]
[Date "2014.11.08"]
[Round "2"]
[White "Cheb Terrab, Alejandro"]
[Black "Uelf, Maximiliano"]
[Result "1/2-1/2"]
[WhiteElo "2037"]
[BlackElo "2173"]
[PlyCount "110"]
[EventDate "2014.11.07"]
[EventType "swiss"]
[EventRounds "9"]
[EventCountry "ARG"]
[SourceTitle "CBM 163 Extra"]
[Source "ChessBase"]
[SourceDate "2014.12.23"]
[SourceVersion "1"]
[SourceVersionDate "2014.12.23"]
[SourceQuality "1"]

1. e4 b6 2. d4 Bb7 3. Nc3 e6 4. Nf3 Nf6 5. Bd3 Bb4 6. Qe2 d5 7. exd5 Nxd5 8. Bd2 Nxc3 9. bxc3 Be7 10. Bb5+ c6 11. Bc4 Nd7 12. 0-0 Qc7 13. Ng5 Bxg5 14. Bxg5 0-0 15. Qg4 Kh8 16. Rfe1 b5 17. Bd3 f5 18. Qf4 Qxf4 19. Bxf4 Rfe8 20. c4 a6 21. a4 b4 22. c3 c5 23. cxb4 cxd4 24. Be5 Nxe5 25. Rxe5 Kg8 26. Rae1 Kf7 27. c5 Kf6 28. Bxf5 Bc6 29. Bd3 Rab8 30. Bc4 Rxb4 31. Rxe6+ Rxe6 32. Rxe6+ Kf7 33. Rxc6+ Rxc4 34. Kf1 Rxa4 35. Rd6 Ke7 36. Ke2 Ra2+ 37. Ke1 Ra4 38. Kd2 Ra2+ 39. Ke1 Ra4 40. Kd2 a5 41. Ra6 Ra2+ 42. Kd3 Rxf2 43. Rxa5 Rxg2 44. Ra7+ Ke6 45. Kxd4 Rg4+ 46. Ke3 Kd5 47. Kf3 Rg6 48. h4 Rg1 49. Kf2 Rg4 50. h5 h6 51. Rc7 Rg5 52. Kf3 Ke5 53. Ra7 Kf6 54. Ra6+ Kf7 55. Ra7+ Kf6 1/2-1/2

[Event "Villa Martelli op-B 21st"]
[Site "Villa Martelli"]
[Date "2014.11.07"]
[Round "1"]
[White "Uelf, Maximiliano"]
[Black "Rivero, Raul Omar"]
[Result "1-0"]
[WhiteElo "2173"]
[BlackElo "1871"]
[PlyCount "63"]
[EventDate "2014.11.07"]
[EventType "swiss"]
[EventRounds "9"]
[EventCountry "ARG"]
[SourceTitle "CBM 163 Extra"]
[Source "ChessBase"]
[SourceDate "2014.12.23"]
[SourceVersion "1"]
[SourceVersionDate "2014.12.23"]
[SourceQuality "1"]

1. Nf3 Nf6 2. g3 b6 3. Bg2 Bb7 4. 0-0 e6 5. d4 d5 6. Nbd2 Nbd7 7. c3 Be7 8. Re1 0-0 9. e4 Nxe4 10. Nxe4 dxe4 11. Nd2 Nf6 12. Nxe4 Nxe4 13. Bxe4 Bxe4 14. Rxe4 c5 15. Qe2 cxd4 16. Rxd4 Qc7 17. Bf4 Qb7 18. Rad1 Rfd8 19. Qg4 Rxd4 20. Rxd4 Bf6 21. Rd2 Rd8 22. Rxd8+ Bxd8 23. Be5 g6 24. Qa4 b5 25. Qf4 Be7 26. Bd4 Qd5 27. h4 Bd6 28. Qf6 e5 29. Bxa7 Qxa2 30. Qd8+ Bf8 31. Bc5 Qb1+ 32. Kh2 1-0

[Event "Buenos Aires La Porta op-A"]
[Site "Buenos Aires"]
[Date "2012.12.17"]
[Round "3"]
[White "Mahia, Gustavo"]
[Black "Uelf, Maximiliano"]
[Result "1/2-1/2"]
[WhiteElo "2380"]
[BlackElo "2172"]
[PlyCount "70"]
[EventDate "2012.12.15"]
[EventType "swiss"]
[EventRounds "9"]
[EventCountry "ARG"]
[SourceTitle "CBM 152 Extra"]
[Source "ChessBase"]
[SourceDate "2013.02.25"]
[SourceVersion "1"]
[SourceVersionDate "2013.02.25"]
[SourceQuality "1"]

1. d4 Nf6 2. Bg5 e6 3. Nf3 d5 4. e3 Nbd7 5. Nbd2 Bd6 6. e4 dxe4 7. Nxe4 Be7 8. Nxf6+ Bxf6 9. Bxf6 Qxf6 10. g3 0-0 11. Bg2 c5 12. 0-0 Rb8 13. c3 Rd8 14. Qa4 a6 15. Rfd1 h6 16. dxc5 Nxc5 17. Rxd8+ Qxd8 18. Qf4 Bd7 19. Rd1 Qc8 20. b4 Ba4 21. Rd2 Nd7 22. c4 Bc6 23. h4 Qe8 24. Qd6 Nf6 25. Rd4 Rc8 26. c5 Bxf3 27. Bxf3 e5 28. Rd1 e4 29. Be2 Qa4 30. Qd2 a5 31. Bc4 Qxb4 32. Qxb4 axb4 33. Bb3 Kf8 34. Rd4 Rxc5 35. Rxb4 Rc7 1/2-1/2

[Event "Buenos Aires Duchamp Memorial op 4th"]
[Site "Buenos Aires"]
[Date "2012.10.22"]
[Round "1"]
[White "Kopylov, Andres"]
[Black "Uelf, Maximiliano"]
[Result "0-1"]
[WhiteElo "1590"]
[BlackElo "2157"]
[PlyCount "82"]
[EventDate "2012.10.22"]
[EventType "swiss"]
[EventRounds "9"]
[EventCountry "ARG"]
[SourceTitle "EXT 2013"]
[Source "ChessBase"]
[SourceDate "2012.11.22"]
[SourceVersion "1"]
[SourceVersionDate "2012.11.22"]
[SourceQuality "1"]

1. e4 b6 2. d4 Bb7 3. Nc3 e6 4. Nf3 Bb4 5. Bd3 Nf6 6. e5 Ne4 7. Bxe4 Bxe4 8. 0-0 Bg6 9. a3 Be7 10. Bf4 d5 11. Qd2 c5 12. dxc5 bxc5 13. Nb5 0-0 14. Nd6 Nc6 15. c4 Na5 16. Qd1 Bxd6 17. exd6 Nxc4 18. b4 cxb4 19. axb4 Bh5 20. Qd4 a6 21. Ne5 Nxd6 22. Nc6 Nf5 23. Qc5 Qh4 24. Bg3 Qc4 25. Qxc4 dxc4 26. Rfc1 Be2 27. Ra2 Bd3 28. Ne5 Rfd8 29. h3 f6 30. Nxd3 cxd3 31. Rd2 e5 32. Rcd1 e4 33. Bc7 Rd7 34. Bb6 Rb8 35. Bc5 Nd4 36. Bxd4 Rxd4 37. f3 f5 38. Kf2 Rdxb4 39. Ke3 a5 40. g4 f4+ 41. Kxf4 Rf8+ 0-1

[Event "Buenos Aires-B"]
[Site "Buenos Aires"]
[Date "2012.02.09"]
[Round "6"]
[White "Uelf, Maximiliano"]
[Black "Perez, Maximiliano"]
[Result "1-0"]
[WhiteElo "2140"]
[BlackElo "2227"]
[PlyCount "161"]
[EventDate "2012.02.06"]
[EventType "tourn"]
[EventRounds "9"]
[EventCountry "ARG"]
[SourceTitle "EXT 2014"]
[Source "ChessBase"]
[SourceDate "2013.11.20"]
[SourceVersion "1"]
[SourceVersionDate "2013.11.20"]
[SourceQuality "1"]

1. d4 Nf6 2. Nf3 g6 3. Bf4 Bg7 4. e3 d6 5. h3 0-0 6. Be2 c5 7. c3 Be6 8. Nbd2 Qb6 9. Qc1 Nbd7 10. 0-0 cxd4 11. exd4 Rac8 12. Re1 Nd5 13. Bg3 N7f6 14. a3 Bh6 15. Qb1 Nf4 16. Bf1 Rc7 17. Bxf4 Bxf4 18. Bd3 Kg7 19. Ne4 Nxe4 20. Rxe4 Bh6 21. Re2 Rc6 22. Be4 Qb5 23. Bd3 Qh5 24. Nd2 Bd5 25. Qe1 Re8 26. Be4 Be6 27. d5 Bc8 28. Bf3 Bxd2 29. Qxd2 Qh4 30. Re4 Qh6 31. Qd4+ Kg8 32. Qxa7 Bf5 33. Qa4 Rec8 34. Re3 Qg5 35. Kf1 Kf8 36. Qd4 Kg8 37. Rae1 Rc4 38. Qd1 R8c7 39. Be4 Bc8 40. Qe2 Kf8 41. Rg3 Qh4 42. Rf3 Bg4 43. Rxf7+ Kxf7 44. Qxg4 Qxg4 45. hxg4 Kf6 46. Bf3 R4c5 47. Re2 h6 48. Ke1 Rb5 49. Kd1 Rbc5 50. Re6+ Kf7 51. Be4 h5 52. g5 Rc4 53. f3 h4 54. Bxg6+ Kf8 55. Be4 Kg7 56. Rg6+ Kf8 57. Rh6 R7c5 58. Kc2 Kg7 59. Rh7+ Kf8 60. Rxh4 e6 61. Rh8+ Kg7 62. Rh7+ Kg8 63. g6 exd5 64. Bf5 Rc7 65. Be6+ Kf8 66. Bxd5 Rxh7 67. gxh7 Rh4 68. Be4 d5 69. Bf5 Kg7 70. Kd3 Rf4 71. Be6 Kxh7 72. Bxd5 b6 73. Be4+ Kg7 74. Kc4 Rh4 75. Kb5 Rh2 76. Kxb6 Rxg2 77. b4 Ra2 78. c4 Rxa3 79. c5 Kf6 80. c6 Ra4 81. b5 1-0

[Event "ARG-ch sf 84th"]
[Site "La Plata"]
[Date "2009.05.03"]
[Round "6"]
[White "Uelf, Maximiliano"]
[Black "Barrionuevo, Pablo"]
[Result "0-1"]
[WhiteElo "2016"]
[BlackElo "2327"]
[PlyCount "62"]
[EventDate "2009.04.30"]
[EventType "swiss"]
[EventRounds "9"]
[EventCountry "ARG"]
[SourceTitle "CBM 130 Extra"]
[Source "ChessBase"]
[SourceDate "2009.07.02"]
[SourceVersion "2"]
[SourceVersionDate "2009.07.15"]
[SourceQuality "1"]

1. e4 d6 2. d4 Nf6 3. Nd2 g6 4. Ngf3 Bg7 5. Bc4 0-0 6. 0-0 Nc6 7. c3 e5 8. dxe5 dxe5 9. Qc2 h6 10. b4 a6 11. a4 Re8 12. Rd1 Nh5 13. Nf1 Qf6 14. Be2 Nf4 15. Ne3 Ne7 16. Bb2 Bf8 17. Nc4 Nxe2+ 18. Qxe2 Bg4 19. Ncxe5 Qxe5 20. Nxe5 Bxe2 21. Rd2 Bg7 22. Nxg6 fxg6 23. Rxe2 Nd5 24. f3 Rad8 25. g3 c6 26. Rc1 Nb6 27. a5 Nc4 28. Ba1 Rd2 29. Rxd2 Nxd2 30. Rd1 Nxf3+ 31. Kg2 Ne5 0-1

[Event "Moron CC Philidor 3rd"]
[Site "Moron"]
[Date "2008.11.17"]
[Round "1"]
[White "Uelf, Maximiliano"]
[Black "Rasgido, Alejandro"]
[Result "1-0"]
[WhiteElo "1980"]
[BlackElo "2009"]
[PlyCount "77"]
[EventDate "2008.11.17"]
[EventType "tourn"]
[EventRounds "9"]
[EventCountry "ARG"]
[SourceTitle "EXT 2019"]
[Source "ChessBase"]
[SourceDate "2018.10.10"]
[SourceVersion "1"]
[SourceVersionDate "2018.10.10"]
[SourceQuality "1"]

1. d4 d5 2. e3 Bf5 3. Nf3 e6 4. c4 c6 5. Nc3 Nd7 6. cxd5 exd5 7. Bd3 Bxd3 8. Qxd3 Ngf6 9. 0-0 Be7 10. Rb1 0-0 11. b4 a6 12. a4 Qc7 13. Bd2 Nb6 14. Ne5 Bd6 15. a5 Nbd7 16. Nf3 Rfe8 17. Rfc1 Qd8 18. Na4 Ne4 19. Nc5 Rb8 20. Nxa6 bxa6 21. Rxc6 Qe7 22. b5 Rxb5 23. Rxb5 axb5 24. Qxb5 Rb8 25. Qxd5 Ndf6 26. Qa2 Nxd2 27. Nxd2 Bb4 28. Nf3 Qe4 29. Ne5 Qd5 30. Qxd5 Nxd5 31. h3 f6 32. Nc4 Ra8 33. a6 Ra7 34. e4 Nc7 35. d5 Nxa6 36. d6 Bxd6 37. Nxd6 Nc7 38. Rb6 Kf8 39. Rb8+ 1-0